000 00493nam a22002177a 4500
003 UA-OsUOA
001 39098
007 ta
008 20060608b un ||||| |||| 00| 0 ukr d
100 _aГофман Ольга
090 _a32
_bГ11
942 _cSA
040 _aUA-OsUOA
_bukr
_cUA-OsUOA
_dUA-OsUOA
245 _aЧийого бога синагога
300 _a10 с.
955 _a0
041 _aukr
080 _a32
773 0 _w39096
650 7 _a32 Політика
_2UDC
999 _c325253
_d325253